La prosa de Ricardo Jaimes Freyre. (Record no. 157013)

MARC details
000 -LEADER
campo de control de longitud fija 00994nam a2200241 i 4500
001 - NÚMERO DE CONTROL
campo de control 157013
003 - IDENTIFICADOR DE NÚMERO DE CONTROL
campo de control ES-MaACL
005 - FECHA Y HORA DE LA ÚLTIMA TRANSACCIÓN
campo de control 20251004063204.0
008 - DATOS DE LONGITUD FIJA--INFORMACIÓN GENERAL
campo de control de longitud fija 180109s2016 bo |||| | spa d
080 ## - NÚMERO DE LA CLASIFICACIÓN DECIMAL UNIVERSAL
Número de la Clasificación Decimal Universal 978-99974-56-52-6
100 1# - ENTRADA PRINCIPAL--NOMBRE DE PERSONA
Nombre de persona Jaimes Freyre, Ricardo,
Fechas asociadas al nombre 1870-1933
9 (RLIN) 164000
245 13 - MENCIÓN DEL TÍTULO
Título La prosa de Ricardo Jaimes Freyre.
260 ## - PUBLICACIÓN, DISTRIBUCIÓN, ETC.
Lugar de publicación, distribución, etc. La Paz :
Nombre del editor, distribuidor, etc. Instituto de Estudios Bolivianos :
-- Carrera de Literatura :
-- Instituto de Investigaciones Literarias,
Fecha de publicación, distribución, etc. 2016.
300 ## - DESCRIPCIÓN FÍSICA
Extensión 2 v. ;
Dimensiones 22 cm.
490 1# - MENCIÓN DE SERIE
Mención de serie Prosa boliviana ;
Designación de volumen o secuencia 2
600 17 - PUNTO DE ACCESO ADICIONAL DE MATERIA--NOMBRE DE PERSONA
Nombre de persona Jaimes Freyre, Ricardo,
Fechas asociadas al nombre 1870-1933-
Subdivisión general Crítica e interpretación
Fuente del encabezamiento o término
9 (RLIN) 163999
830 1# - PUNTO DE ACCESO ADICIONAL DE SERIE-TÍTULO UNIFORME
Título uniforme Prosa boliviana ;
Designación de volumen o secuencia 2
9 (RLIN) 193183
852 4# - LOCALIZACIÓN
Ubicación ES-MaACL
Número de control de estantería A-14085
Designación de la unidad física v.1
itemnumber 162802
Sublocalización o colección R.151555
Ubicación en estantería Depósito 1
Signatura antigua Olim: N-7085
Donativo/Legado Donación: Ana Rebeca Prada
852 4# - LOCALIZACIÓN
Ubicación ES-MaACL
Número de control de estantería A-14086
itemnumber 200909
Designación de la unidad física v.2
Sublocalización o colección R.151555
Ubicación en estantería Depósito 1
Signatura antigua Olim: N-7086
Donativo/Legado Donación: Ana Rebeca Prada
903 ## - NOMBRE PERSONAL DE DONANTE
a Ana Rebeca Prada
e Donante
942 ## - ELEMENTOS DE ENTRADA SECUNDARIOS (KOHA)
Fuente del sistema de clasificación o colocación Clasificación decimal universal
Tipo de ítem Koha Libro impreso
Holdings
Estatus retirado Estado de pérdida Fuente del sistema de clasificación o colocación Estado de daño No para préstamo Biblioteca de origen Biblioteca actual Ubicación en estantería Fecha de adquisición Fuente de adquisición Enumeración/cronología de publicación seriada Total de préstamos Signatura topográfica completa Código de barras Visto por última vez Precio de reemplazo Tipo de ítem Koha
    Clasificación decimal universal     Biblioteca del Ateneo de Madrid Biblioteca del Ateneo de Madrid Depósito 1 09/01/2018 Donación v.1   A-14085 1198228 23/02/2023 23/02/2023 Libro impreso
    Clasificación decimal universal     Biblioteca del Ateneo de Madrid Biblioteca del Ateneo de Madrid Depósito 1 09/01/2018 Donación v.2   A-14086 101206190 13/12/2023 23/02/2023 Libro impreso